<?xml version="1.0" encoding="UTF-8"?>
<record
    xmlns:xsi="http://www.w3.org/2001/XMLSchema-instance"
    xsi:schemaLocation="http://www.loc.gov/MARC21/slim http://www.loc.gov/standards/marcxml/schema/MARC21slim.xsd"
    xmlns="http://www.loc.gov/MARC21/slim">

  <leader>01767nam a2200229Ia 4500</leader>
  <controlfield tag="003">OSt</controlfield>
  <controlfield tag="005">20210909163434.0</controlfield>
  <controlfield tag="008">210310s1986    ck ad  gr     000 0 spa d</controlfield>
  <datafield tag="040" ind1=" " ind2=" ">
    <subfield code="a">CO-JMCR</subfield>
    <subfield code="c">CO-JMCR</subfield>
  </datafield>
  <datafield tag="041" ind1="0" ind2=" ">
    <subfield code="a">spa</subfield>
  </datafield>
  <datafield tag="082" ind1="0" ind2="4">
    <subfield code="a">338.23 /</subfield>
    <subfield code="b">F467d</subfield>
    <subfield code="2">23</subfield>
  </datafield>
  <datafield tag="100" ind1="1" ind2=" ">
    <subfield code="a">Fl&#xF3;rez E., Luis B.,  </subfield>
    <subfield code="e">autor</subfield>
    <subfield code="9">28153</subfield>
  </datafield>
  <datafield tag="245" ind1="1" ind2="0">
    <subfield code="a">Desarrollo y pol&#xED;tica econ&#xF3;mica en econom&#xED;as minero-exportadoras /</subfield>
    <subfield code="c">Luis E. Fl&#xF3;rez E.</subfield>
  </datafield>
  <datafield tag="260" ind1=" " ind2=" ">
    <subfield code="a">Bogot&#xE1; : </subfield>
    <subfield code="b">Centro de Investigaciones para el Desarrollo, </subfield>
    <subfield code="c">1986.</subfield>
  </datafield>
  <datafield tag="300" ind1=" " ind2=" ">
    <subfield code="a">140 p&#xE1;ginas ; </subfield>
    <subfield code="c">24 cm.</subfield>
  </datafield>
  <datafield tag="505" ind1="0" ind2=" ">
    <subfield code="a">Estructura y procesos econ&#xF3;micos en econom&#xED;a minero-explotadoras. -- Per&#xFA;: riqueza minera y estacionamiento econ&#xF3;mico. -- Venezuela: petr&#xF3;leo, acumulaci&#xF3;n y crisis. -- Canad&#xE1;: miner&#xED;a y desarrollo. -- Econom&#xED;a y pol&#xED;tica del sector minero. </subfield>
  </datafield>
  <datafield tag="520" ind1="0" ind2=" ">
    <subfield code="a">Este libro es, ante todo, una invitaci&#xF3;n a reflexionar sobre el manejo y la utilizaci&#xF3;n de la riqueza minera de los pa&#xED;ses. Con base en un examen detallado de las caracter&#xED;sticas internacionales y de las pol&#xED;ticas aplicadas en distintos pa&#xED;ses, el autor nos invita a rescatar lecciones positivas y evitar reiterar errores que, en otras partes, han impedido que las riquezas naturales se pongan al servicio del desarrollo econ&#xF3;mico y social.
El autor es Economista de la Universidad Nacional y Master del Institute of Social Studies. Ha sido Decano de la Facultad de Ciencias Econ&#xF3;micas de la Universidad Nacional, profesor de la misma y Profesor Titular de la Universidad Externado de Colombia. Es co-autor de varios libros y de numerosos art&#xED;culos sobre desarrollo y pol&#xED;tica econ&#xF3;mica.</subfield>
  </datafield>
  <datafield tag="650" ind1="1" ind2="4">
    <subfield code="a">Procesos econom&#xED;a </subfield>
    <subfield code="9">40216</subfield>
  </datafield>
  <datafield tag="650" ind1="2" ind2="4">
    <subfield code="a">Estancamiento econ&#xF3;mico </subfield>
    <subfield code="9">40217</subfield>
  </datafield>
  <datafield tag="650" ind1="2" ind2="4">
    <subfield code="a">Acumulaci&#xF3;n y crisis</subfield>
    <subfield code="9">40218</subfield>
  </datafield>
  <datafield tag="942" ind1=" " ind2=" ">
    <subfield code="2">ddc</subfield>
    <subfield code="c">BK</subfield>
  </datafield>
  <datafield tag="999" ind1=" " ind2=" ">
    <subfield code="c">12409</subfield>
    <subfield code="d">12409</subfield>
  </datafield>
  <datafield tag="952" ind1=" " ind2=" ">
    <subfield code="0">0</subfield>
    <subfield code="1">0</subfield>
    <subfield code="2">ddc</subfield>
    <subfield code="4">0</subfield>
    <subfield code="7">0</subfield>
    <subfield code="a">CPL</subfield>
    <subfield code="b">CPL</subfield>
    <subfield code="c">GEN</subfield>
    <subfield code="d">2018-04-15</subfield>
    <subfield code="e">Donaci&#xF3;n</subfield>
    <subfield code="o">338.23 / F467d</subfield>
    <subfield code="p">430005218</subfield>
    <subfield code="r">2024-05-16 00:00:00</subfield>
    <subfield code="t">Ej.1</subfield>
    <subfield code="w">2021-03-10</subfield>
    <subfield code="y">BK</subfield>
  </datafield>
</record>
